Statistics for Countries That Own Part of Antarctica with Flags

Click here to take the quiz!

General Stats

  • This quiz has been taken 474 times
  • The average score is 12 of 12

Answer Stats

Answer% Correct
Argentina
99%
Australia
99%
France
99%
Japan
99%
New Zealand
99%
Norway
99%
United Kingdom
99%
United States
99%
South Africa
98%
Russia
97%
Belgium
96%
Chile
95%

Score Distribution

Percentile by Number Answered

Percent of People with Each Score

Your Score History

You have not taken this quiz